Welcome to the Holygrace Academy Library

Please use search bar below to get started

STATE OF FEAR (Record no. 2334)

MARC details
000 -LEADER
fixed length control field 00612nam a22001457a 4500
020 ## - INTERNATIONAL STANDARD BOOK NUMBER
ISBN 978-0-00-718160-5
082 ## - DEWEY DECIMAL CLASSIFICATION NUMBER
Classification number 823
Item number CRI/S
100 ## - MAIN ENTRY--AUTHOR NAME
Personal name CRICHTON,MICHAEL
245 ## - TITLE STATEMENT
Title STATE OF FEAR
260 ## - PUBLICATION, DISTRIBUTION, ETC. (IMPRINT)
Place of publication LONDON
Name of publisher HARPER COLLINS
300 ## - PHYSICAL DESCRIPTION
Number of Pages 717
520 ## - SUMMARY, ETC.
Summary, etc Set in the contemporary world, the novel tells the story of a group of characters attempting to thwart eco-terrorist threats. The plot exudes intrigue and action—including shootouts, deadly crocodiles, deceptive agents, and the faked death of George Morton, the man who links the characters together.
650 ## - SUBJECT ADDED ENTRY--TOPICAL TERM
Topical Term NOVEL ENGLISH
Geographic subdivision LONDON
942 ## - ADDED ENTRY ELEMENTS (KOHA)
Koha item type Books
Holdings
Withdrawn status Lost status Collection code Home library Current library Shelving location Date acquired Source of acquisition Full call number Accession Number Koha item type
    Fiction Main Library Main Library SHELF-2-D ENGLIAH NOVELS FOR TEACHERS 15/10/2011 PURCHASE 823 CRI/S 05618 Books